000 00507nam a2200169Ia 4500
003 SGT
020 _a9780070634374
082 _a6.6
_bSIN
100 _aSinha,Amarendra N
245 _aComputer graphics
260 _bTata McGraw Hill Education Private Limited
_aNew Delhi
_c2008
300 _a471p.
650 _aCOMPUTER SCIENCE
653 _aINTRODUCTION TO COMPUTER GRAPHICS, GRAPHICS SYSTEMS, OUTPUT PRIMITIVES, WINDOWING AND CLIPPING , PLANE CURVES
700 _aUdai,Arun D
942 _2ddc
_cBK
_01
999 _c5082
_d5082